<?xml version="1.0" encoding="UTF-8"?>
<record
    xmlns:xsi="http://www.w3.org/2001/XMLSchema-instance"
    xsi:schemaLocation="http://www.loc.gov/MARC21/slim http://www.loc.gov/standards/marcxml/schema/MARC21slim.xsd"
    xmlns="http://www.loc.gov/MARC21/slim">

  <leader>00830nam a2200241   4500</leader>
  <controlfield tag="003">MX-MxINE</controlfield>
  <controlfield tag="005">20260530115321.0</controlfield>
  <controlfield tag="008">260520b2014    mx a|||| |||| 00| 0 spa d</controlfield>
  <datafield tag="040" ind1=" " ind2=" ">
    <subfield code="a">ICI</subfield>
    <subfield code="b">spa</subfield>
    <subfield code="c">ICI</subfield>
    <subfield code="e">rda</subfield>
  </datafield>
  <datafield tag="041" ind1=" " ind2=" ">
    <subfield code="a">spa</subfield>
  </datafield>
  <datafield tag="050" ind1=" " ind2=" ">
    <subfield code="a">PN6790.M482</subfield>
    <subfield code="b"> F35</subfield>
  </datafield>
  <datafield tag="100" ind1="1" ind2=" ">
    <subfield code="a">Arriaga Celis, Enrique / Estrada Silva In&#xE9;s  </subfield>
    <subfield code="e">Recopiladores </subfield>
    <subfield code="9">34508</subfield>
  </datafield>
  <datafield tag="245" ind1=" " ind2=" ">
    <subfield code="a">Fanzinolog&#xED;a mexicana : </subfield>
    <subfield code="b">1985-2015 /</subfield>
    <subfield code="c">recopiladores In&#xE9;s Estrada, Enrique Arriaga</subfield>
  </datafield>
  <datafield tag="264" ind1=" " ind2=" ">
    <subfield code="a">Ciudad de M&#xE9;xico : </subfield>
    <subfield code="b">Universidad Nacional Aut&#xF3;noma de M&#xE9;xico,</subfield>
    <subfield code="c">2014</subfield>
  </datafield>
  <datafield tag="300" ind1=" " ind2=" ">
    <subfield code="a">169 p&#xE1;ginas : </subfield>
    <subfield code="b">ilustraciones </subfield>
  </datafield>
  <datafield tag="336" ind1=" " ind2=" ">
    <subfield code="2">rdacontent</subfield>
    <subfield code="a">texto</subfield>
  </datafield>
  <datafield tag="337" ind1=" " ind2=" ">
    <subfield code="2">rdamedia</subfield>
    <subfield code="a">sin medio</subfield>
  </datafield>
  <datafield tag="338" ind1=" " ind2=" ">
    <subfield code="2">rdacarrier</subfield>
    <subfield code="a">volumen</subfield>
  </datafield>
  <datafield tag="650" ind1=" " ind2="4">
    <subfield code="a">Fanzines</subfield>
    <subfield code="9">34509</subfield>
  </datafield>
  <datafield tag="700" ind1=" " ind2=" ">
    <subfield code="a">Estrada, In&#xE9;s,</subfield>
    <subfield code="e">editor</subfield>
    <subfield code="9">34510</subfield>
  </datafield>
  <datafield tag="700" ind1=" " ind2=" ">
    <subfield code="a">Arriaga, Enrique,</subfield>
    <subfield code="e">editor</subfield>
    <subfield code="9">34511</subfield>
  </datafield>
  <datafield tag="942" ind1=" " ind2=" ">
    <subfield code="2">lcc</subfield>
    <subfield code="n">1</subfield>
    <subfield code="c">BK</subfield>
  </datafield>
  <datafield tag="999" ind1=" " ind2=" ">
    <subfield code="c">13809</subfield>
    <subfield code="d">13809</subfield>
  </datafield>
</record>
